| 000 | 00559nam a22001577a 4500 | ||
|---|---|---|---|
| 999 |
_c534761 _d534761 |
||
| 020 | _qHard Cover. | ||
| 082 | _a629.04 | ||
| 100 | _aMuhammad Azhar | ||
| 245 |
_aEvaluation of the Impact of Pavement Roughness on Vehicular Gases Emissions on M-2 (Motorway) / _cMuhammad Azhar. |
||
| 260 |
_aIslamabad: _bSCEE - NUST, _c2018. |
||
| 300 |
_a120 p. : _bill. ; _c30cm. |
||
| 942 |
_2ddc _cTHE |
||
| 650 |
_aTransportation Engineering and Management MS-Thesis. _929102 |
||
| 700 |
_aDr. Arshad Hussain _916435 |
||